Девяносто третий год: Роман

Xehetasun bibliografikoak
Egile nagusia: Гюго В. М. Виктор Мари
Beste egile batzuk: Жаркова Н. (переводчик), Брахман С. (автор предисловия)
Hizkuntza:errusiera
Argitaratua: Москва, Художественная литература, 1987
Saila:Библиотека юношества
Gaiak:
Formatua: Liburua
KOHA link:https://koha.lib.tpu.ru/cgi-bin/koha/opac-detail.pl?biblionumber=126780

MARC

LEADER 00000nam0a2200000 4500
001 126780
005 20231101220020.0
035 |a (RuTPU)RU\TPU\book\137144 
035 |a RU\TPU\book\124677 
090 |a 126780 
100 |a 20071204d1987 m y0rusy50 ca 
101 1 |a rus  |c fre 
102 |a RU 
105 |a a z 000ay 
200 1 |a Девяносто третий год  |e Роман  |f В. М. Гюго  |g пер. с фр. Н. Жаркова ; авт. предисл. С. Брахман 
210 |a Москва  |c Художественная литература  |d 1987 
215 |a 415 с. 
225 1 |a Библиотека юношества 
610 1 |a французская литература 
610 1 |a романы 
610 1 |a французская революция 
610 1 |a 18 век 
675 |a 84  |v 3 
700 1 |a Гюго  |b В. М.  |c французский писатель-романтик  |f 1802-1885  |g Виктор Мари  |2 stltpush  |3 (RuTPU)RU\TPU\pers\1778  |9 730 
702 1 |a Жаркова  |b Н.  |4 730 
702 1 |a Брахман  |b С.  |4 080 
801 1 |a RU  |b 63413507  |c 20070504  |g PSBO 
801 2 |a RU  |b 63413507  |c 20071204  |g PSBO 
942 |c BK